000
00324pab a2200121 454500
008
180718b xxu||||| |||| 00| 0 eng d
100
_a
Hussain, Mehmood
245
_a
Israel: fountainhead of fundamentatism and terrorism
650
_a
Fundamentalism
650
_a
Terrorism - Israel
773
_a
Third Concept
909
_a
24243
999
_c
24243
_d
24243